| 000 | 00475nam a22001817a 4500 | ||
|---|---|---|---|
| 003 | OSt | ||
| 005 | 20260226091616.0 | ||
| 008 | 260226b |||||||| |||| 00| 0 eng d | ||
| 020 | _a0030740614 | ||
| 020 | _a9780030740619 | ||
| 040 |
_aDLC _beng _cDLC _erda |
||
| 050 |
_aQH308.2 _b.R36 2006 |
||
| 100 | _aRaven Peter | ||
| 245 |
_aBiology _cPeter Raven, George Johnson |
||
| 260 |
_aUSA _bHolt, Rinehart & Winston _c2006 |
||
| 300 |
_axxi,1146p _bIll; col |
||
| 942 |
_2lcc _cBK |
||
| 999 |
_c265956 _d265955 |
||